Dopasuj miasto do państwa - wersja słowiańska - Statystyki

Ogólne statystyki
  • Ten quiz został rozwiązany 21 razy
  • Średni wynik to 8 z 13
Statystyki odpowiedzi
Hint Odpowiedź % Poprawnych
Zadar Chorwacja
72%
Mikołów Polska
72%
Saratów Rosja
72%
Ruse Bułgaria
61%
Hawierzów Czechy
61%
Trenczyn Słowacja
61%
Celje Słowenia
61%
Mikołajów Ukraina
61%
Kragujevac Serbia
56%
Lida Białoruś
50%
Zenica Bośnia i Hercegowina
44%
Niksic Czarnogóra
44%
Kumanowo Macedonia Północna
44%
Nie znaleziono quizów pasujących do podanych kryteriów
Rozkład punktacji
Procent ludzi z każdym wynikiem
Percentyl według liczby udzielonych odpowiedzi
Twoja historia wyników
Nie rozwiązałeś tego quizu